000 00459 a2200169 4500
003 Nust
005 20170207153349.0
040 _cNust
082 _a005.1
100 _aMumtaz , Saqib BESE-03
245 _aAudio Vidieo conferencing using middleware concepts (Hard / Softcopy)
_cSaqib Mumtaz & Haroon Joya BESE-03
260 _bMCS
_cOct,2001
300 _a86 :p
538 _aAlmirah No 71 Shelf No 3
650 _aUG Projects
651 _aUG CS Projects
942 _cTHS
999 _c184503
_d184503